Elhunyt egy fertőzött a dunaszerdahelyi kórházban

Bibliographic Details
Main Author: (béva) (Author)
Format: Article
Language:Hungarian
ISSN:1335-7050
Subjects:

MARC

LEADER 00000nab a2200000 4500
001 vtls011984901
003 SK-MaSNL
005 20260318114358.0
008 200803|20200801xo |||| || ||00 0|hun
015 |a SNBRB2020/08 
038 |a DSZK 
040 |a DSZK  |b slo  |c DSZK  |e rda 
041 |a hun 
043 |a e-xo--- 
044 |a xo  |c SK 
072 7 |a 616  |x Patológia. Klinická medicína  |2 konspekt 
080 |a 616.9  |2 2011 
100 1 |a (béva)  |4 aut  |9 1086732 
245 1 0 |a Elhunyt egy fertőzött a dunaszerdahelyi kórházban  |c [szerző] (béva) 
336 |a text  |b txt  |2 rdacontent 
337 |a bez média  |b n  |2 rdamedia 
338 |a zväzok  |b nc  |2 rdacarrier 
610 2 7 |a Nemocnica s poliklinikou (Dunajská Streda, Slovensko)  |2 dszk  |9 870628 
650 0 7 |a infekčné choroby  |2 SNKPH  |9 859 
650 0 7 |a koronavírusy  |2 SNKPH  |9 84342 
650 0 7 |a COVID-19  |2 dszk  |9 201532 
650 0 7 |a úmrtie  |2 SNKPH  |9 3886 
651 7 |a Dunajská Streda (Slovensko)  |2 SNKPHgeo  |9 17375 
773 0 |t Új szó  |g Évf. 73, sz. 178 (2020.8.1), o. 1  |x 1335-7050 
958 |a SK 
958 |a HU 
958 |a RG 
999 |c 3351613  |d 3353543